[Event "AUT-chT2W 2223"]
[Site "Austria"]
[Date "2023.04.21"]
[Round "9.1"]
[White "Lehner, Oliver"]
[Black "Dobosz, Henryk"]
[Result "1-0"]
[WhiteElo "2395"]
[BlackElo "2337"]
[PlyCount "83"]
[EventDate "2022.09.23"]
[EventType "team-tourn"]
[EventRounds "11"]
[EventCountry "AUT"]
[SourceTitle "EXT 2024"]
[Source "ChessBase"]
[SourceDate "2023.10.10"]
[SourceVersion "1"]
[SourceVersionDate "2023.10.10"]
[SourceQuality "1"]
[WhiteTeam "Absam"]
[BlackTeam "Bregenz"]
[WhiteTeamCountry "AUT"]
[BlackTeamCountry "AUT"]

1. e4 c5 2. Nf3 Nc6 3. Bb5 g6 4. Bxc6 bxc6 5. 0-0 Bg7 6. c3 Ba6 7. d3 Nf6 8. c4 0-0 9. Nc3 Ng4 10. h3 Ne5 11. Nxe5 Bxe5 12. Bh6 Re8 13. f4 Bd4+ 14. Kh1 d6 15. f5 Bc8 16. Qf3 f6 17. Ne2 Be5 18. Bf4 Bxb2 19. Rab1 Be5 20. Qe3 gxf5 21. exf5 Kh8 22. Rb3 Rf8 23. g4 Rf7 24. Bxe5 fxe5 25. Ng3 e6 26. f6 Rxf6 27. Rbb1 Bd7 28. Nh5 Rxf1+ 29. Rxf1 Qh4 30. Kg2 Rb8 31. Rf2 Qe7 32. Qh6 Rg8 33. Qf6+ Qxf6 34. Nxf6 Rd8 35. Rb2 Be8 36. h4 Bg6 37. Rb3 Kg7 38. g5 Rf8 39. h5 Bf5 40. Rb7+ Kh8 41. h6 Bxd3 42. Rxa7 1-0

[Event "Tirol Landesliga 2223"]
[Site "Austria"]
[Date "2023.03.12"]
[Round "8.1"]
[White "Reich, Thomas"]
[Black "Lehner, Oliver"]
[Result "1/2-1/2"]
[WhiteElo "2346"]
[BlackElo "2398"]
[PlyCount "41"]
[EventDate "2022.10.01"]
[EventType "team-tourn"]
[EventRounds "9"]
[EventCountry "AUT"]
[SourceTitle "EXT 2024"]
[Source "ChessBase"]
[SourceDate "2023.10.10"]
[SourceVersion "1"]
[SourceVersionDate "2023.10.10"]
[SourceQuality "1"]
[WhiteTeam "Jenbach"]
[BlackTeam "Schwaz"]
[WhiteTeamCountry "AUT"]
[BlackTeamCountry "AUT"]

1. d4 d5 2. c4 e6 3. Nf3 c6 4. e3 f5 5. Nc3 Nd7 6. Qc2 Nh6 7. b3 Bd6 8. Bb2 0-0 9. 0-0-0 a6 10. Kb1 b5 11. cxd5 cxd5 12. Ne5 Bb7 13. Nxd7 Qxd7 14. Bd3 Rfc8 15. Qe2 Bc6 16. Rc1 Ra7 17. Rc2 b4 18. Na4 Bxa4 19. bxa4 Rac7 20. Rhc1 Rxc2 21. Bxc2 1/2-1/2

[Event "EU-Cup 37th"]
[Site "Mayrhofen"]
[Date "2022.10.08"]
[Round "6.4"]
[White "Lehner, Oliver"]
[Black "Firat, Burak"]
[Result "0-1"]
[WhiteElo "2398"]
[BlackElo "2455"]
[PlyCount "86"]
[EventDate "2022.10.03"]
[EventType "team-swiss"]
[EventRounds "7"]
[EventCountry "AUT"]
[SourceTitle "CBM 210 Extra"]
[Source "ChessBase"]
[SourceDate "2022.11.30"]
[SourceVersion "1"]
[SourceVersionDate "2022.11.30"]
[SourceQuality "1"]
[WhiteTeam "Absam "]
[BlackTeam "Gokturk"]
[WhiteTeamCountry "AUT"]
[BlackTeamCountry "TUR"]

1. Nf3 c5 2. g3 g6 3. Bg2 Bg7 4. c4 Nc6 5. 0-0 d6 6. Nc3 Nf6 7. a3 0-0 8. d3 a6 9. Bd2 Rb8 10. Qc1 b5 11. cxb5 axb5 12. b4 cxb4 13. axb4 Bd7 14. Bh6 Nxb4 15. Bxg7 Kxg7 16. Qb2 Nc6 17. Ne4 Qb6 18. e3 Bf5 19. Nxf6 exf6 20. Rfc1 Rfc8 21. d4 Be4 22. Nd2 Bxg2 23. Kxg2 Ne7 24. e4 d5 25. e5 Nf5 26. Nf3 h5 27. Rc5 b4 28. Rac1 Rxc5 29. dxc5 Qe6 30. c6 fxe5 31. c7 Rc8 32. Nxe5 d4 33. Rc5 f6 34. Nf3 Qe4 35. h4 d3 36. Rb5 Nxh4+ 37. gxh4 Qg4+ 38. Kh2 Qf4+ 39. Kg2 Qg4+ 40. Kh2 Qxf3 41. Rxb4 Rxc7 42. Qd4 Rc1 43. Rb1 Qh1+ 0-1

[Event "AUT-chT 2122"]
[Site "Austria"]
[Date "2021.11.07"]
[Round "4.3"]
[White "Lehner, Oliver"]
[Black "Kozissnik, Christian"]
[Result "1-0"]
[WhiteElo "2402"]
[BlackElo "2025"]
[PlyCount "113"]
[EventDate "2021.11.04"]
[EventType "team-tourn"]
[EventRounds "11"]
[EventCountry "AUT"]
[SourceTitle "CBM 205 Extra"]
[Source "ChessBase"]
[SourceDate "2022.01.31"]
[SourceVersion "1"]
[SourceVersionDate "2022.01.31"]
[SourceQuality "1"]
[WhiteTeam "Absam"]
[BlackTeam "Bregenz"]
[WhiteTeamCountry "AUT"]
[BlackTeamCountry "AUT"]

1. c4 c6 2. Nf3 d5 3. e3 Nf6 4. Nc3 Bg4 5. cxd5 Nxd5 6. Be2 e6 7. h3 Bh5 8. 0-0 Be7 9. d4 0-0 10. e4 Nf6 11. Be3 Bg6 12. Nd2 Bb4 13. Bf3 Nbd7 14. Qb3 Bxc3 15. bxc3 Qc7 16. Rfe1 Rac8 17. a4 b6 18. Rad1 c5 19. Qb5 Rfd8 20. Bg5 Re8 21. Bh4 cxd4 22. cxd4 e5 23. d5 Qc5 24. Be2 Rf8 25. Bf1 Qxb5 26. Bxb5 Nc5 27. f3 a6 28. Bc6 Nd3 29. Nc4 Nxe1 30. Rxe1 Rxc6 31. dxc6 Rc8 32. Rd1 Kf8 33. Nxe5 Ke8 34. Rb1 Ng8 35. Rxb6 Ne7 36. Bxe7 Kxe7 37. Rxa6 Kd6 38. Ra5 Rc7 39. Rd5+ Ke6 40. Nxg6 hxg6 41. Rc5 Kd6 42. Rc4 f5 43. Kf2 Ke7 44. a5 Kd8 45. Ke3 Ra7 46. c7+ Kc8 47. Rc5 Ra6 48. e5 g5 49. Kd4 g4 50. hxg4 fxg4 51. f4 Rh6 52. f5 Rh1 53. e6 Rd1+ 54. Ke5 Re1+ 55. Kd6 g5 56. fxg6 g3 57. g7 1-0

[Event "AUT-chT 2122"]
[Site "Austria"]
[Date "2021.11.05"]
[Round "2.3"]
[White "Lehner, Oliver"]
[Black "Wagner, Dennis"]
[Result "0-1"]
[WhiteElo "2402"]
[BlackElo "2578"]
[PlyCount "56"]
[EventDate "2021.11.04"]
[EventType "team-tourn"]
[EventRounds "11"]
[EventCountry "AUT"]
[SourceTitle "CBM 205 Extra"]
[Source "ChessBase"]
[SourceDate "2022.01.31"]
[SourceVersion "1"]
[SourceVersionDate "2022.01.31"]
[SourceQuality "1"]
[WhiteTeam "Absam"]
[BlackTeam "Jenbach"]
[WhiteTeamCountry "AUT"]
[BlackTeamCountry "AUT"]

1. e4 c5 2. Nc3 d6 3. d4 cxd4 4. Qxd4 Nc6 5. Qd2 Nf6 6. b3 e6 7. Bb2 d5 8. exd5 exd5 9. 0-0-0 Be6 10. Kb1 Qa5 11. Nb5 Qxd2 12. Rxd2 Bb4 13. Re2 0-0-0 14. Nf3 Bg4 15. Nbd4 Ne4 16. Nxc6 bxc6 17. Re3 Kb7 18. Bxg7 Rhg8 19. Bd4 Bxf3 20. Rxf3 Nd2+ 21. Kb2 Nxf3 22. gxf3 Rde8 23. c3 Ba5 24. Kc2 Bb6 25. b4 Rg6 26. Bd3 Rg2 27. Bf1 Rg5 28. h4 Rf5 0-1

[Event "AUT-chT 2122"]
[Site "Austria"]
[Date "2021.11.04"]
[Round "1.3"]
[White "Korpa, Bence"]
[Black "Lehner, Oliver"]
[Result "1-0"]
[WhiteElo "2511"]
[BlackElo "2402"]
[PlyCount "53"]
[EventDate "2021.11.04"]
[EventType "team-tourn"]
[EventRounds "11"]
[EventCountry "AUT"]
[SourceTitle "CBM 205 Extra"]
[Source "ChessBase"]
[SourceDate "2022.01.31"]
[SourceVersion "1"]
[SourceVersionDate "2022.01.31"]
[SourceQuality "1"]
[WhiteTeam "Fuerstenfeld/Hartberg"]
[BlackTeam "Absam"]
[WhiteTeamCountry "AUT"]
[BlackTeamCountry "AUT"]

1. c4 Nf6 2. g3 g6 3. Bg2 Bg7 4. Nc3 0-0 5. d3 d6 6. e4 c5 7. Nge2 Nc6 8. 0-0 Bd7 9. h3 Ne8 10. f4 f5 11. Be3 Nd4 12. Nb5 Nxe2+ 13. Qxe2 Qc8 14. Kh2 Bc6 15. Rad1 b6 16. Nc3 Bxc3 17. bxc3 fxe4 18. dxe4 Qb7 19. f5 Nf6 20. Bh6 Rf7 21. Rf4 Nd7 22. Rdf1 Ne5 23. h4 gxf5 24. Rxf5 Rxf5 25. Rxf5 Kh8 26. Qh5 Qc7 27. Qg5 1-0

[Event "AUT-chT 2021"]
[Site "Austria"]
[Date "2021.03.14"]
[Round "7.2"]
[White "Schwabeneder, Florian"]
[Black "Lehner, Oliver"]
[Result "1/2-1/2"]
[WhiteElo "2440"]
[BlackElo "2410"]
[PlyCount "72"]
[EventDate "2021.01.22"]
[EventType "team-tourn"]
[EventRounds "7"]
[EventCountry "AUT"]
[SourceTitle "EXT 2022"]
[Source "ChessBase"]
[SourceDate "2021.10.06"]
[SourceVersion "1"]
[SourceVersionDate "2021.10.06"]
[SourceQuality "1"]
[WhiteTeam "Grieskirchen/Schallerbach"]
[BlackTeam "Absam"]
[WhiteTeamCountry "AUT"]
[BlackTeamCountry "AUT"]

1. e4 e5 2. Nf3 Nc6 3. Bb5 a6 4. Ba4 Nf6 5. 0-0 Be7 6. d3 d6 7. c3 0-0 8. Re1 Nd7 9. d4 b5 10. Bb3 Na5 11. Bc2 c5 12. d5 Nb6 13. Nbd2 Nb7 14. b3 a5 15. Nf1 b4 16. cxb4 axb4 17. Ne3 g6 18. Nd2 Bg5 19. Ndc4 Nxc4 20. Nxc4 Bxc1 21. Qxc1 Na5 22. Ne3 f5 23. a3 f4 24. Nf1 Bd7 25. Nd2 Bb5 26. Qb1 Qb6 27. Bd3 bxa3 28. Rxa3 Nb7 29. Rxa8 Rxa8 30. Bxb5 Qxb5 31. Nc4 Ra6 32. g3 fxg3 33. hxg3 Na5 34. Nxa5 Rxa5 35. Qd1 Ra3 36. Qg4 Qe8 1/2-1/2

[Event "AUT-chT 2021"]
[Site "Austria"]
[Date "2021.01.24"]
[Round "4.3"]
[White "Lehner, Oliver"]
[Black "Mesaros, Florian"]
[Result "0-1"]
[WhiteElo "2410"]
[BlackElo "2410"]
[PlyCount "60"]
[EventDate "2021.01.22"]
[EventType "team-tourn"]
[EventRounds "7"]
[EventCountry "AUT"]
[SourceTitle "CBM 200 Extra"]
[Source "ChessBase"]
[SourceDate "2021.03.31"]
[SourceVersion "1"]
[SourceVersionDate "2021.03.31"]
[SourceQuality "1"]
[WhiteTeam "Absam"]
[BlackTeam "Fuerstenfeld/Hartberg"]
[WhiteTeamCountry "AUT"]
[BlackTeamCountry "AUT"]

1. d4 Nf6 2. c4 e6 3. Nf3 d5 4. Nc3 Bb4 5. e3 0-0 6. Bd2 a6 7. Rc1 Re8 8. Bd3 dxc4 9. Bxc4 b5 10. Bd3 Bb7 11. a3 Bf8 12. Qc2 Nbd7 13. b4 e5 14. Ng5 g6 15. 0-0 Ng4 16. Nce4 Rc8 17. h3 Nh6 18. Bc3 Be7 19. h4 Bxe4 20. Nxe4 f5 21. Qb3+ Kf8 22. dxe5 fxe4 23. Bxe4 Bxh4 24. Rcd1 Qe7 25. Bc6 Nxe5 26. Bxe8 Rxe8 27. Rd5 Nc4 28. Bd4 Qe6 29. Qd3 Ng4 30. Bc5+ Kg8 0-1

[Event "AUT-chT2W 1920"]
[Site "Austria"]
[Date "2020.01.18"]
[Round "7.2"]
[White "Lehner, Oliver"]
[Black "Doskocil, Klaus"]
[Result "1/2-1/2"]
[WhiteElo "2412"]
[BlackElo "2188"]
[PlyCount "67"]
[EventDate "2019.10.04"]
[EventType "team-tourn"]
[EventRounds "11"]
[EventCountry "AUT"]
[SourceTitle "CBM 195 Extra"]
[Source "ChessBase"]
[SourceDate "2020.05.31"]
[SourceVersion "1"]
[SourceVersionDate "2020.05.31"]
[SourceQuality "1"]
[WhiteTeam "Absam"]
[BlackTeam "Pradl"]
[WhiteTeamCountry "AUT"]
[BlackTeamCountry "AUT"]

1. Nf3 g6 2. c4 Bg7 3. d4 d6 4. Nc3 Nd7 5. g3 Ngf6 6. Bg2 0-0 7. 0-0 e5 8. e4 Re8 9. d5 a5 10. b3 Rf8 11. Bg5 h6 12. Bd2 Nc5 13. Qc2 Nh5 14. Ne1 f5 15. f3 Nf6 16. Nd3 Nxd3 17. Qxd3 Bd7 18. exf5 gxf5 19. Rae1 Qe7 20. Nd1 b6 21. Ne3 Nh7 22. f4 e4 23. Qc2 h5 24. h4 Qf7 25. Bc3 Bxc3 26. Qxc3 Qg7 27. Qxg7+ Kxg7 28. Bh3 Kg6 29. Kf2 Nf6 30. Ke2 Ra7 31. Kd2 Rb8 32. Rc1 Rba8 33. Rc3 Ng8 34. Rfc1 1/2-1/2

[Event "AUT-chT2W 1920"]
[Site "Austria"]
[Date "2019.11.23"]
[Round "4.2"]
[White "Ruecker, Benjamin"]
[Black "Lehner, Oliver"]
[Result "0-1"]
[WhiteElo "2238"]
[BlackElo "2412"]
[PlyCount "70"]
[EventDate "2019.10.04"]
[EventType "team-tourn"]
[EventRounds "11"]
[EventCountry "AUT"]
[SourceTitle "CBM 193 Extra"]
[Source "ChessBase"]
[SourceDate "2020.01.31"]
[SourceVersion "1"]
[SourceVersionDate "2020.01.31"]
[SourceQuality "1"]
[WhiteTeam "Schwarzach"]
[BlackTeam "Absam"]
[WhiteTeamCountry "AUT"]
[BlackTeamCountry "AUT"]

1. c4 g6 2. Nc3 Bg7 3. d4 Nf6 4. e4 d6 5. h3 0-0 6. Be3 Na6 7. g4 e5 8. d5 Nc5 9. f3 a5 10. Qd2 Ne8 11. Nge2 f5 12. exf5 gxf5 13. 0-0-0 a4 14. Bg5 Qd7 15. Ng3 Qf7 16. Nh5 f4 17. Nxg7 Qxg7 18. Bh4 Nf6 19. Bf2 b6 20. Bxc5 bxc5 21. Bd3 Bd7 22. Qc2 Rfb8 23. Rdg1 Rb4 24. h4 Rab8 25. Rg2 e4 26. fxe4 f3 27. Rd2 Rxb2 28. Qxb2 Rxb2 29. Kxb2 Nxg4 30. h5 Qd4 31. Rh3 Qe3 32. Kc2 Qf4 33. Rh1 Ne3+ 34. Kc1 f2 35. Bf1 Qf3 0-1

[Event "BL2-Ost 1819"]
[Site "Germany"]
[Date "2019.03.24"]
[Round "10.1"]
[White "Mihok, Oliver"]
[Black "Lehner, Oliver"]
[Result "1-0"]
[WhiteElo "2537"]
[BlackElo "2400"]
[PlyCount "49"]
[EventDate "2018.11.10"]
[EventType "team-tourn"]
[EventRounds "10"]
[EventCountry "GER"]
[SourceTitle "CBM 190 Extra"]
[Source "ChessBase"]
[SourceDate "2019.07.15"]
[SourceVersion "1"]
[SourceVersionDate "2019.07.15"]
[SourceQuality "1"]
[WhiteTeam "Erfurt"]
[BlackTeam "Weilheim"]
[WhiteTeamCountry "GER"]
[BlackTeamCountry "GER"]

1. e4 c6 2. d4 d5 3. Nd2 dxe4 4. Nxe4 Bf5 5. Ng3 Bg6 6. Bc4 Nd7 7. N1e2 Ngf6 8. h4 h6 9. Nf4 Bh7 10. 0-0 Nb6 11. Bb3 e6 12. Re1 Be7 13. Bxe6 fxe6 14. Nxe6 Qd7 15. Nh5 Kf7 16. Nhxg7 Bf8 17. Nh5 Bf5 18. Nxf6 Kxf6 19. Bf4 Rg8 20. Nxf8 Raxf8 21. Bxh6 Re8 22. Bg5+ Kg6 23. Qd2 Nc4 24. Qf4 Qd6 25. Rxe8 1-0

[Event "BL2-Ost 1819"]
[Site "Germany"]
[Date "2019.02.23"]
[Round "7.2"]
[White "Lehner, Oliver"]
[Black "Milov, Leonid"]
[Result "1/2-1/2"]
[WhiteElo "2400"]
[BlackElo "2461"]
[PlyCount "44"]
[EventDate "2018.11.10"]
[EventType "team-tourn"]
[EventRounds "10"]
[EventCountry "GER"]
[SourceTitle "CBM 190 Extra"]
[Source "ChessBase"]
[SourceDate "2019.07.15"]
[SourceVersion "1"]
[SourceVersionDate "2019.07.15"]
[SourceQuality "1"]
[WhiteTeam "Weilheim"]
[BlackTeam "Nuernberg NT"]
[WhiteTeamCountry "GER"]
[BlackTeamCountry "GER"]

1. e4 c5 2. Nf3 e6 3. d4 cxd4 4. Nxd4 Nc6 5. Nc3 Qc7 6. Be3 a6 7. Qf3 Bd6 8. 0-0-0 Be5 9. Nxc6 bxc6 10. Bd4 Bxd4 11. Rxd4 Nf6 12. Qg3 Qxg3 13. hxg3 d5 14. f3 h6 15. g4 0-0 16. Ra4 Bb7 17. Bd3 Rfc8 18. Re1 a5 19. Ra3 Nd7 20. Na4 Ba6 21. Bxa6 Rxa6 22. Rb3 Ra7 1/2-1/2

[Event "AUT-chT2W 1819"]
[Site "Austria"]
[Date "2018.12.09"]
[Round "5.1"]
[White "Hertneck, Gerald"]
[Black "Lehner, Oliver"]
[Result "1/2-1/2"]
[WhiteElo "2487"]
[BlackElo "2399"]
[PlyCount "60"]
[EventDate "2018.10.12"]
[EventType "team-tourn"]
[EventRounds "11"]
[EventCountry "AUT"]
[SourceTitle "CBM 189 Extra"]
[Source "ChessBase"]
[SourceDate "2019.06.03"]
[SourceVersion "1"]
[SourceVersionDate "2019.06.03"]
[SourceQuality "1"]
[WhiteTeam "Neumarkt"]
[BlackTeam "Absam"]
[WhiteTeamCountry "AUT"]
[BlackTeamCountry "AUT"]

1. d4 Nf6 2. Nf3 e6 3. c4 d5 4. Nc3 a6 5. cxd5 exd5 6. Bg5 Be6 7. e3 Nbd7 8. Bd3 Bd6 9. 0-0 0-0 10. Qc2 h6 11. Bh4 c6 12. Bg3 Qe7 13. Rae1 c5 14. e4 dxe4 15. Nxe4 Bxg3 16. fxg3 Rac8 17. Nxf6+ Nxf6 18. Bf5 Bxf5 19. Qxf5 Qd6 20. Qe5 Rfd8 21. Qxd6 Rxd6 22. dxc5 Rxc5 23. Rc1 Rdc6 24. Rxc5 Rxc5 25. Nd4 Kf8 26. Re1 g6 27. h3 h5 28. Kf2 Rd5 29. Nf3 Rc5 30. Re2 Rd5 1/2-1/2

[Event "AUT-chT2W 1819"]
[Site "Austria"]
[Date "2018.10.14"]
[Round "3.2"]
[White "Spornberger, Maximilian"]
[Black "Lehner, Oliver"]
[Result "1-0"]
[WhiteElo "2298"]
[BlackElo "2399"]
[PlyCount "79"]
[EventDate "2018.10.12"]
[EventType "team-tourn"]
[EventRounds "11"]
[EventCountry "AUT"]
[SourceTitle "CBM 186 Extra"]
[Source "ChessBase"]
[SourceDate "2018.08.24"]
[SourceVersion "1"]
[SourceVersionDate "2018.08.24"]
[SourceQuality "1"]
[WhiteTeam "Rochade Rum"]
[BlackTeam "Absam"]
[WhiteTeamCountry "AUT"]
[BlackTeamCountry "AUT"]

1. d4 Nf6 2. Bf4 g6 3. e3 Bg7 4. Nf3 0-0 5. h3 c5 6. c3 cxd4 7. exd4 d6 8. Be2 Nd5 9. Bh2 Nc6 10. 0-0 e5 11. Na3 exd4 12. cxd4 Qf6 13. Qd2 Bf5 14. Nb5 Rad8 15. Nc3 Nb6 16. Bf4 Qe7 17. Rfe1 d5 18. Bb5 Qd7 19. Ne5 Qc8 20. Rac1 Nc4 21. Nxc6 bxc6 22. Bxc4 dxc4 23. Be5 f6 24. Bf4 Qd7 25. Na4 Bd3 26. Nc5 Qxd4 27. Ne6 Qd7 28. Nxf8 Bxf8 29. Bh6 Bd6 30. Bf4 Bf8 31. b3 cxb3 32. axb3 f5 33. Be3 Bb5 34. Qc3 Qf7 35. Rcd1 Rd6 36. Bc5 Rxd1 37. Rxd1 Bxc5 38. Qxc5 Qxb3 39. Rd8+ Kg7 40. Rd7+ 1-0

[Event "Porto Mannu op 10th"]
[Site "Porto Mannu"]
[Date "2018.06.02"]
[Round "8"]
[White "Lehner, Oliver"]
[Black "Chan, Kim Yew"]
[Result "1-0"]
[WhiteElo "2396"]
[BlackElo "2219"]
[PlyCount "63"]
[EventDate "2018.06.02"]
[EventType "swiss"]
[EventRounds "9"]
[EventCountry "ITA"]
[SourceTitle "CBM 184 Extra"]
[Source "ChessBase"]
[SourceDate "2018.06.28"]
[SourceVersion "1"]
[SourceVersionDate "2018.06.28"]
[SourceQuality "1"]

1. Nf3 c5 2. e4 Nc6 3. d4 cxd4 4. Nxd4 Nf6 5. Nc3 d6 6. f3 e6 7. Be3 Be7 8. Qd2 a6 9. g4 Qc7 10. 0-0-0 0-0 11. g5 Nd7 12. h4 b5 13. Nxc6 Qxc6 14. Ne2 Nb6 15. Nd4 Qb7 16. h5 Nc4 17. Bxc4 bxc4 18. g6 Rb8 19. c3 a5 20. gxh7+ Kh8 21. Qg2 Bf6 22. Rd2 a4 23. Rg1 a3 24. Bh6 axb2+ 25. Kb1 Kxh7 26. Bxg7 Rg8 27. Bxf6 Rxg2 28. Rdxg2 e5 29. h6 Bh3 30. Rg7+ Kxh6 31. Nf5+ Bxf5 32. Rh1+ 1-0

[Event "Porto Mannu op 10th"]
[Site "Porto Mannu"]
[Date "2018.06.02"]
[Round "5"]
[White "Sonis, Francesco"]
[Black "Lehner, Oliver"]
[Result "1-0"]
[WhiteElo "2448"]
[BlackElo "2396"]
[PlyCount "69"]
[EventDate "2018.06.02"]
[EventType "swiss"]
[EventRounds "9"]
[EventCountry "ITA"]
[SourceTitle "CBM 184 Extra"]
[Source "ChessBase"]
[SourceDate "2018.06.28"]
[SourceVersion "1"]
[SourceVersionDate "2018.06.28"]
[SourceQuality "1"]

1. Nf3 c5 2. c4 Nc6 3. g3 g6 4. Bg2 Bg7 5. Nc3 e6 6. d3 Nge7 7. Bf4 d6 8. Qc1 h6 9. h4 a6 10. a3 Rb8 11. b4 e5 12. Bd2 cxb4 13. axb4 Nxb4 14. Rb1 a5 15. Nb5 Bf5 16. Bxb4 axb4 17. Nd2 0-0 18. Rxb4 h5 19. 0-0 Bg4 20. Nc3 Nc6 21. Rb2 Qd7 22. e3 Bh6 23. Nd5 Kg7 24. Ne4 Nd4 25. f3 Be6 26. Nef6 Qd8 27. g4 Bxd5 28. g5 Bc6 29. exd4 Kh8 30. d5 Ba4 31. Rb4 b5 32. cxb5 Ra8 33. b6 Rc8 34. Qe1 Bc2 35. b7 1-0

[Event "Oberliga Bayern 1617"]
[Site "Bayern"]
[Date "2017.04.02"]
[Round "8.3"]
[White "Renner, Christoph"]
[Black "Lehner, Oliver"]
[Result "1/2-1/2"]
[WhiteElo "2322"]
[BlackElo "2403"]
[PlyCount "74"]
[EventDate "2016.10.16"]
[EventType "team-tourn"]
[EventRounds "9"]
[EventCountry "GER"]
[SourceTitle "EXT 2019"]
[Source "ChessBase"]
[SourceDate "2018.10.10"]
[SourceVersion "1"]
[SourceVersionDate "2018.10.10"]
[SourceQuality "1"]
[WhiteTeam "Bayern Muenchen II"]
[BlackTeam "Weilheim"]
[WhiteTeamCountry "GER"]
[BlackTeamCountry "GER"]

1. d4 Nf6 2. Bf4 g6 3. e3 Bg7 4. Nf3 0-0 5. c3 b6 6. Bd3 Bb7 7. 0-0 d6 8. h3 Nbd7 9. Bh2 Re8 10. Nbd2 e5 11. Be2 e4 12. Ne1 d5 13. c4 c5 14. Nc2 a6 15. Rc1 Bf8 16. dxc5 Nxc5 17. Nd4 Rc8 18. N2b3 Nd3 19. Bxd3 exd3 20. cxd5 Qxd5 21. Qf3 Ne4 22. Rcd1 a5 23. a3 Qd7 24. Qg4 f5 25. Qf4 Qd5 26. f3 Nd6 27. Nc1 Nf7 28. Nxd3 Bh6 29. Qh4 Bxe3+ 30. Nf2 Rc4 31. Nxf5 Rxh4 32. Rxd5 gxf5 33. Rxf5 Rc4 34. Bg3 Rc2 35. Kh1 Bxf2 36. Rxf2 Rc6 37. Rd2 Bc8 1/2-1/2